| 000 | 00651nam a2200205Ia 4500 | ||
|---|---|---|---|
| 003 | GCL | ||
| 008 | 140319s9999 xx 000 0 ara d | ||
| 040 |
_aGCL / _cGCL |
||
| 082 | 0 | 4 |
_a920 _bأ ح |
| 100 | 1 | _aكيلانى حسن سند | |
| 245 | 1 | 0 |
_aحازم القرطاجنى : حياته وشعرة / _cكيلانى حسن سند |
| 260 |
_a[S.N] : _bالهيئة المصرية العامة للكتاب ، _c1986 |
||
| 300 | _a386 ص | ||
| 490 |
_aاعلام العرب _v0 |
||
| 650 | 0 | 4 | _aالتراجم الادبية |
| 650 | 0 | 4 | _aالتراجم |
| 650 | 0 | 4 | _aالشعراء |
| 650 | 0 | 4 | _aحازم القرطاجنى |
| 942 |
_2ddc _cBK |
||
| 999 |
_c28508 _d28508 |
||